000 00494nam a2200157 a 4500
001 000035427
005 20200930074332.0
008 111031s1951 xxu 000 0 spa d
040 _aDO-SdBNP
_bspa
_cBNPHU
100 1 _aSalinger, J. D.
_q(Jerome David),
_d1919-2010.
_961262
245 1 0 _aThe catcher in the rye /.
260 _aBoston :
_bLittle, Brown,
_c1951.
300 _a277 p. ;
_c21 cm.
590 _aPerteneció a la biblioteca personal de Juan Isidro Jimenes Grullón.
049 _aBNPD
999 _c34918
_d34918